Why the computer industry is restructuring now?
Príčiny zmien vo vývoji počítačového priemyslu a dôvody nutnosti jeho reštrukturalizácie. Požiadavky na nový typ počítačovej techniky. Štruktúra trhu počítačov - fragmentácia trhu. Fenomén pragmatických "otvorených systémov" - výklad pojmu "otvorené systémy". Predpokladaná budúca forma počítačového...
Saved in:
| Main Author: | |
|---|---|
| Format: | Book Chapter |
| Language: | English |
| Subjects: | |
| Tags: |
No Tags, Be the first to tag this record!
|
MARC
| LEADER | 00000naa a2200000 4500 | ||
|---|---|---|---|
| 001 | r007389 | ||
| 005 | 20221213085017.4 | ||
| 041 | 0 | |a eng | |
| 044 | |a GB | ||
| 245 | 1 | 0 | |a Why the computer industry is restructuring now? |c S. Forge |
| 520 | |a Príčiny zmien vo vývoji počítačového priemyslu a dôvody nutnosti jeho reštrukturalizácie. Požiadavky na nový typ počítačovej techniky. Štruktúra trhu počítačov - fragmentácia trhu. Fenomén pragmatických "otvorených systémov" - výklad pojmu "otvorené systémy". Predpokladaná budúca forma počítačového priemyslu. | ||
| 610 | 2 | 0 | |a počítače |
| 610 | 2 | 0 | |a priemysel |
| 610 | 2 | 0 | |a zmeny štruktúrne |
| 610 | 2 | 0 | |a technika výpočtová |
| 610 | 2 | 0 | |a trh |
| 610 | 2 | 0 | |a pojmy |
| 610 | 2 | 0 | |a inovácia |
| 100 | 1 | |a Forge, S. | |